000 00795nam a2200217Ia 4500
003 GCL
008 140319s9999 xx 000 0 ara d
040 _aGCL /
_cGCL
082 0 4 _a382.9
_bس ك
100 1 _aمحمد مصطفى غنيم
245 1 0 _aكبف تنجح فى صنع الصفقات العالمية التفاوض فى عالم التجارة الدولية /
_cمحمد مصطفى غنيم
700 1 _aسالاكيوز، جيوالد . و.
260 _a[S.N] :
_bالدار الدولية للنشر والتوزيع ،
_c1993
300 _a214
490 _a
650 0 4 _aالسياسة التجارية
650 0 4 _aالتجارة
650 0 4 _aالعلاقات الاقتصادية الدولية
650 0 4 _aالتجارة الخارجية
942 _2ddc
_cBK
999 _c31935
_d31935